| Current Events - U.S. | 3 | 26.67 | 100% | 67% | 100% |
| Current Events - World | 4 | 22.50 | 100% | 100% | 25% |
| Fine Arts - Architecture | 1 | 20.00 | 100% | 100% | 0% |
| Fine Arts - Film | 2 | 20.00 | 100% | 100% | 0% |
| Fine Arts - Jazz | 1 | 20.00 | 100% | 100% | 0% |
| Fine Arts - Miscellaneous | 3 | 20.00 | 100% | 100% | 0% |
| Fine Arts - Music | 10 | 16.00 | 80% | 70% | 10% |
| Fine Arts - Opera | 2 | 10.00 | 100% | 0% | 0% |
| Fine Arts - Painting | 7 | 15.71 | 100% | 43% | 14% |
| Fine Arts - Photography | 2 | 15.00 | 100% | 50% | 0% |
| Fine Arts - Sculpture | 2 | 10.00 | 100% | 0% | 0% |
| Geography - United States | 1 | 20.00 | 100% | 100% | 0% |
| Geography - World | 1 | 20.00 | 100% | 100% | 0% |
| History - American | 5 | 18.00 | 100% | 80% | 0% |
| History - Cross, Historiography, and Miscellaneous | 5 | 24.00 | 100% | 100% | 40% |
| History - European | 7 | 22.86 | 100% | 71% | 57% |
| History - World | 10 | 26.00 | 100% | 90% | 70% |
| Literature - American | 9 | 28.89 | 100% | 100% | 89% |
| Literature - British | 10 | 27.00 | 100% | 90% | 80% |
| Literature - European | 8 | 27.50 | 100% | 88% | 88% |
| Literature - World and Miscellaneous | 10 | 28.00 | 100% | 100% | 80% |
| Other - Other Academic and General Knowledge | 5 | 18.00 | 100% | 60% | 20% |
| RMP - Buddhism | 1 | 20.00 | 100% | 100% | 0% |
| RMP - Christian Practice | 1 | 10.00 | 100% | 0% | 0% |
| RMP - East Asian Religion | 1 | 20.00 | 100% | 100% | 0% |
| RMP - Greco-Roman Mythology | 2 | 15.00 | 100% | 50% | 0% |
| RMP - Hebrew Bible | 1 | 30.00 | 100% | 100% | 100% |
| RMP - Hinduism | 1 | 30.00 | 100% | 100% | 100% |
| RMP - Islam | 1 | 20.00 | 100% | 100% | 0% |
| RMP - New Testament | 1 | 10.00 | 100% | 0% | 0% |
| RMP - Other Religion | 1 | 10.00 | 100% | 0% | 0% |
| RMP - Philosophy | 3 | 20.00 | 100% | 67% | 33% |
| RMP - World Mythology | 9 | 18.89 | 100% | 67% | 22% |
| Science - Astronomy | 3 | 16.67 | 100% | 67% | 0% |
| Science - Biology | 10 | 17.00 | 100% | 60% | 10% |
| Science - Chemistry | 7 | 18.57 | 100% | 57% | 29% |
| Science - Computer Science | 4 | 15.00 | 100% | 50% | 0% |
| Science - Earth | 3 | 13.33 | 100% | 33% | 0% |
| Science - Engineering and Miscellaneous | 1 | 20.00 | 100% | 0% | 100% |
| Science - Math | 1 | 20.00 | 100% | 100% | 0% |
| Science - Physics | 9 | 15.56 | 89% | 56% | 11% |
| Social Science - Economics | 1 | 20.00 | 100% | 100% | 0% |
| Social Science - Sociology | 1 | 20.00 | 100% | 100% | 0% |